00276nam a2200097Ia 4500008004100000082001200041100003500053245007200088260000900160300000900169190415s9999 xx 000 0 und d aRL.000; aGram Niyojan Kendra, Ghaziabad 0aLowliest of the low : Study of socio-economic status of Kolta women c1982 a17p.